[Event "AUT-ch U14"]
[Site "Deutschlandsberg"]
[Date "2006.??.??"]
[Round "5"]
[White "Wertjanz, Daniel"]
[Black "Schnegg, Daniel"]
[Result "0-1"]
[WhiteElo "1625"]
[BlackElo "1816"]
[PlyCount "52"]
[EventDate "2006.06.??"]
[EventType "swiss"]
[EventRounds "7"]
[EventCountry "AUT"]
[SourceTitle "EXT 2009"]
[Source "ChessBase"]
[SourceDate "2008.11.26"]
[SourceVersion "1"]
[SourceVersionDate "2008.11.26"]
[SourceQuality "1"]

1. d4 Nf6 2. Nf3 e6 3. Bf4 c5 4. c3 Nc6 5. e3 d5 6. Bd3 cxd4 7. exd4 Bd6 8. Bg3 0-0 9. Qc2 Re8 10. Ne5 Qc7 11. Nxc6 bxc6 12. Bxd6 Qxd6 13. 0-0 e5 14. dxe5 Rxe5 15. f4 Re3 16. Qd2 Qc5 17. Kh1 a5 18. h3 Nh5 19. Kh2 Rxd3 20. Qxd3 Ba6 21. Qf3 Bxf1 22. Qxf1 Qe3 23. f5 Qe5+ 24. Kg1 Ng3 25. Qf3 Qe1+ 26. Kh2 Nf1+ 0-1